Μεθοδική άλγεβρα : Β' λυκείου : θεωρία - μεθοδικά λυμένες ασκήσεις - άλυτες ασκήσεις

Αποθηκεύτηκε σε:
Λεπτομέρειες βιβλιογραφικής εγγραφής
Κύριος συγγραφέας: Τσουλφανίδης, Αιμίλιος Ι.
Άλλοι συγγραφείς: Ζαννής, Μιχάλης Κ.
Μορφή: Βιβλίο
Γλώσσα:Greek
Δημοσίευση: Αθήνα : Πατάκης, 1990
Θέματα:
Ετικέτες: Προσθήκη ετικέτας
Δεν υπάρχουν, Καταχωρήστε ετικέτα πρώτοι!

MARC

LEADER 00000cam a2200000 i 4500
001 1/25545
008 020628s1990 gre d
020 |a 960-293-493-X 
035 |l 10068085 
040 |a GR-MY-UA  |b gre  |e aacr 
041 0 |a gre 
082 0 |a 512 
100 1 |a Τσουλφανίδης, Αιμίλιος Ι. 
245 1 0 |a Μεθοδική άλγεβρα :  |b Β' λυκείου : θεωρία - μεθοδικά λυμένες ασκήσεις - άλυτες ασκήσεις /  |c Αιμ. Ι. Τσουλφανίδης, Μιχ. Κ. Ζαννής 
260 |a Αθήνα :   |b Πατάκης,   |c 1990 
300 |a 242 σ. 
650 0 0 |a Algebra, Abstract  |x Problems, exercises, etc. 
700 1 |a Ζαννής, Μιχάλης Κ. 
852 |a INST  |b RHODES  |e 20020628  |h 512 ΤΣΟ  |p 005400016339  |q 005400016339  |t BK  |y 0 
901 |a BIBL4-2002-2 
909 |a Ρ  |b 101320 
970 |a ΚΟΥΛΑΚΙΟΤΗ  |b ΛΙΤΣΑ  |z 2002/06/28